| 000 | 01345nam0a2200361 4500 | ||
|---|---|---|---|
| 001 | RU\NLR\BIBL_A\010879775 | ||
| 005 | 20260409071512.0 | ||
| 010 |
_a978-5-9765-2240-4 _bФЛИНТА _9500 |
||
| 010 |
_a978-5-02-038890-1 _bНаука |
||
| 021 |
_aRU _b2015-77823 _94707 |
||
| 035 | _a(NLR Aleph) 010879775 | ||
| 035 | _a(NILC)RuMoRGB-008035456 | ||
| 090 |
_a10498592 _c10498592 |
||
| 100 | _a20151102d2015 k y0rusy50 ca | ||
| 101 | 0 | _arus | |
| 102 | _aRU | ||
| 105 | _aa|||z||||01zy | ||
| 200 | 1 |
_aПереводческий процесс в аспекте когнитивного моделирования _eмонография _fИ. Н. Ремхе |
|
| 210 |
_aМосква _cФЛИНТА _cНаука _d2015 |
||
| 215 |
_a140, [1] с. _cил. _d21 |
||
| 320 | _aБиблиогр.: с. 131-141 (159 назв.) | ||
| 606 |
_aПеревод (лингв.) _91594424 _3RU\NLR\AUTH\66701106 |
||
| 610 | 0 | _aкогнитивное моделирование переводческого процесса | |
| 675 | _a811.111 | ||
| 686 | 1 | _aШ107.7 | |
| 700 | 1 |
_aРемхе _bИ. Н. _gИрина Николаевна |
|
| 801 | 0 |
_aRU _bРГБ _c20151006 _gRCR |
|
| 801 | 1 |
_aRU _bРГБ _c20151006 _2rusmarc |
|
| 942 | _cBOOK | ||
| 980 | _aNBR | ||
| 980 | _aNB | ||